Statistics for Name a Valid Pokemon

Click here to take the quiz!

General Stats

  • This quiz has been taken 168 times
    (158 since last reset)
  • The average score is 13 of 20

Answer Stats

Name a valid Pokemon that...Pokemon% Correct
is a fully evolved pure fire type starter.Typhlosion/Cinderace
91%
is a Pseudo Legendary.Dragonite/Tyranitar/Salamence/Metagross/etc.
84%
is a Johto baby Pokemon.Pichu/Cleffa/Igglybuff/Togepi/Tyrogue/etc.
83%
is based on a duck. (Theoretically)Psyduck/Golduck/Farfetch'd/Lotad/etc.
83%
is a Kanto champion's partner Pokemon. (In the games and anime)Venusaur/Charizard/Blastoise/Dragonite/etc.
83%
changes its type when Mega Evolved.Charizard X/Pinsir/Gyarados/Mewtwo X/etc.
82%
has a three letter name.Muk/Mew
81%
has a number or symbol in its name.Farfetch'd/Mr. Mime/Porygon2/Ho-oh/etc.
79%
is in Super Smash Bros Ultimate.Ivysaur/Charizard/Squirtle/Jigglypuff/etc.
79%
is an Ultra Beast that doesn't evolve.Nihilego/Buzzwole/Pheromosa/Xurkitree/etc.
79%
is a Gen 1 Pokemon that had its type changed with the introduction of new types.Clefairy/Clefable/Jigglypuff/Wigglytuff/etc.
76%
has a dark type regional variant.Rattata/Raticate/Meowth/Persian/Grimer/etc.
72%
is a pure flying type.Tornadus/Rookidee/Corvisquire
69%
is a normal/psychic type.Girafarig/Meloetta/Oranguru/Indeedee
61%
is the same type as a Rotom form.Zapdos/Chinchou/Lanturn/Emolga/etc.
53%
is a fully evolved pure bug type.Pinsir/Volbeat/Illumise/Kricketune/Accelgor
50%
has no weaknesses.Tynamo/Eelektrik/Eelektross
46%
is a Pokemon Gold exclusive.Mankey/Primeape/Growlithe/Arcanine/etc.
35%
is a dual typed early game normal type.Bibarel/Diggersby
32%
is exclusive in Pokemon GO in the western hemisphere.Illumise/Seviper/Lunatone/Heatmor
18%

Score Distribution

Percentile by Number Answered

Percent of People with Each Score

Your Score History

You have not taken this quiz since the last reset